Opusculorum Diui Augustini qua hic continentur : De academicis vel contra academicos lib. tres. De ordine lib. duo. Solilo quiorum ad sc. lib. i. De immortalitate anime lib. i. De moribus ecclesie catholice lib. i. De quantitate anime lib. i. De libero arbitrio lib. tres. De magistro lib. vnus. De opere monachorum lib. i. De bono perseuerantie lib. i. De visitatione infirmorum cap. duo. De filio prodigo sermo. De bono coniugali lib. i. De adulterinis coniugijs lib ij. De bono virginali lib. i.. Secunda pars

Hlavní autor: Augustin, svatý, 354-430
Další autoři: Badius, Josse, 1462-1535
Jazyk: Latina
Vydáno: Venundatur parrisijs : ab Ioanne paruo sub Lilio aureo vici sancti Iacobi, ad kalendas nouemb. 1503, [1513]
Témata:
Fyzický popis: [6], clxxviij listů ; 8°
Knihy
Uloženo v:
LEADER 01654nam a2200337 a 4500
001 mzk03001071814
003 CZ BrMZK
005 20090505130902.0
007 ta
008 090505s1513 fr fr|||||00| ||latod
040 |a BOA001  |b cze 
072 7 |a 094  |x Staré tisky  |2 Konspekt  |9 12 
080 |a (0.068)094  |2 MRF 
100 0 |a Augustin,  |c svatý,  |d 354-430  |7 xx0003884  |4 aut 
245 1 0 |a Opusculorum Diui Augustini qua hic continentur :  |b De academicis vel contra academicos lib. tres. De ordine lib. duo. Solilo quiorum ad sc. lib. i. De immortalitate anime lib. i. De moribus ecclesie catholice lib. i. De quantitate anime lib. i. De libero arbitrio lib. tres. De magistro lib. vnus. De opere monachorum lib. i. De bono perseuerantie lib. i. De visitatione infirmorum cap. duo. De filio prodigo sermo. De bono coniugali lib. i. De adulterinis coniugijs lib ij. De bono virginali lib. i..  |n Secunda pars 
260 |a Venundatur parrisijs :  |b ab Ioanne paruo sub Lilio aureo vici sancti Iacobi, ad kalendas nouemb. 1503,  |c [1513] 
300 |a [6], clxxviij listů ;  |c 8° 
500 |a Výzdoba: Signet, iniciály, text tištěn dvousloupcově 
501 |a Přívazek k 1. dílu téhož titulu 
655 7 |a staré tisky  |7 fd422076  |2 czenas 
700 1 |a Badius, Josse,  |d 1462-1535  |7 jn20011024057  |4 pbl 
903 |a RP 
910 |a BOA001  |b ST2-0050.378,1,přív. 
978 |b Barbier, Jean  |a Paris  |c 1513 
978 |b Petit, Jean I.  |a Paris  |c 1513 
984 |a Paříž  |b Francie 
985 |a 1501-1550 
990 |a BK 
993 |a Y 
991 |k mzk 
994 |a UP  |l MZK03  |b 000427104  |m přívazek  |n záznam 1. díla (pro objednání pokračujte kliknutím)